[Event "AUT-ch U10"]
[Site "St Veit"]
[Date "2016.05.27"]
[Round "1.8"]
[White "Hanzl, Sandro"]
[Black "Gschiel, Alexander"]
[Result "0-1"]
[WhiteElo "1050"]
[BlackElo "1310"]
[PlyCount "76"]
[EventDate "2016.05.27"]
[EventType "swiss"]
[EventRounds "7"]
[EventCountry "AUT"]
[SourceTitle "EXT 2024"]
[Source "ChessBase"]
[SourceDate "2023.10.10"]
[SourceVersion "1"]
[SourceVersionDate "2023.10.10"]
[SourceQuality "1"]

1. e4 c5 2. Nf3 d6 3. d4 cxd4 4. Nxd4 Nf6 5. Nc3 g6 6. Bb5+ Nbd7 7. 0-0 Bg7 8. h3 a6 9. Bxd7+ Bxd7 10. Nf3 0-0 11. Re1 Rc8 12. a3 Bc6 13. Bg5 Qb6 14. Rb1 Rfe8 15. Be3 Qc7 16. Bd4 e5 17. Be3 Nxe4 18. Nxe4 Bxe4 19. Bb6 Bxf3 20. Bxc7 Bxd1 21. Rexd1 Rxc7 22. Rxd6 Rxc2 23. Rd7 Rb8 24. b4 Ra2 25. Rb3 e4 26. Re7 f5 27. f3 Bd4+ 28. Kf1 Rf2+ 29. Ke1 Rc8 30. Kd1 e3 31. Rexe3 Bxe3 32. Rxe3 Rxg2 33. Re7 Rcc2 34. Re8+ Kg7 35. Re7+ Kh6 36. Re3 Ra2 37. Re2 Rgxe2 38. Kc1 Re1# 0-1

[Event "AUT-ch U10"]
[Site "St Veit"]
[Date "2016.05.27"]
[Round "3.12"]
[White "Hanzl, Sandro"]
[Black "Unterrieder, Romano"]
[Result "1-0"]
[WhiteElo "1050"]
[BlackElo "1023"]
[PlyCount "22"]
[EventDate "2016.05.27"]
[EventType "swiss"]
[EventRounds "7"]
[EventCountry "AUT"]
[SourceTitle "EXT 2024"]
[Source "ChessBase"]
[SourceDate "2023.10.10"]
[SourceVersion "1"]
[SourceVersionDate "2023.10.10"]
[SourceQuality "1"]

1. e4 g6 2. Nf3 Bg7 3. Bc4 d6 4. Nc3 Nf6 5. 0-0 0-0 6. d4 c6 7. b3 b5 8. Bd3 Bg4 9. h3 Bxf3 10. Qxf3 Nbd7 11. Bb2 Qc7 1-0